书目信息 |
| 题名: |
原子参数与元素性质
|
|
| 作者: | 李世丰 著 | |
| 分册: | ||
| 出版信息: | 长沙 湖南科学技术出版社 1982 |
|
| 页数: | 158页 | |
| 开本: | 19cm | |
| 丛书名: | ||
| 单 册: | ||
| 中图分类: | O562 , O627 | |
| 科图分类: | ||
| 主题词: | 原子--参数 , 元素有机化合物--性质 | |
| 电子资源: | ||
| ISBN: | ||
| 000 | 00672nam0 2200253 45 | |
| 001 | 0182005275 | |
| 005 | 20060818174057.51 | |
| 010 | @dCNY0.56 | |
| 091 | @aCN@b13204.46 | |
| 100 | @a19950626d1982 em y0chiy0121 ea | |
| 101 | 0 | @achi |
| 102 | @aCN@b430000 | |
| 105 | @ay z 000yy | |
| 200 | 10 | @a原子参数与元素性质@Ayuan zi can shu yu yuan su xing zhi@f李世丰著 |
| 210 | @a长沙@c湖南科学技术出版社@d1982 | |
| 215 | @a158页@d19cm | |
| 606 | @a原子@x参数 | |
| 606 | @a元素有机化合物@x性质 | |
| 690 | @aO562@v3 | |
| 690 | @aO627@v3 | |
| 701 | 0 | @a李世丰@Ali shi feng@4著 |
| 801 | 0 | @aCN@bTSSF@c20060818 |
| 801 | 2 | @aCN@bNLC@c20060815 |
| 905 | @a10447@dO562@e45 | |
| 原子参数与元素性质/李世丰著.-长沙:湖南科学技术出版社,1982 |
| 158页;19cm |
| ISBN :CNY0.56 |
| ● |
| 相关链接 |
|
|
|
|
正题名:原子参数与元素性质
索取号:O562/45
 
预约/预借
| 序号 | 登录号 | 条形码 | 馆藏地/架位号 | 状态 | 备注 |
| 1 | 0461632 | 204616326 | 密集书库/ [索取号:O562/45] | 在馆 | |
| 2 | 0461633 | 204616335 | 密集书库/ [索取号:O562/45] | 在馆 | |
| 3 | 0468778 | 204687785 | 密集书库/ [索取号:O562/45] | 在馆 |